MARC

LEADER 00000nam0a2200000 4500
001 258560
005 20231101233316.0
035 |a (RuTPU)RU\TPU\book\281432 
090 |a 258560 
100 |a 20140425d1987 k y0rusy50 ca 
101 0 |a rus 
102 |a RU 
105 |a a z 001zy 
200 1 |a Обработка резанием высокопрочных композиционных полимерных материалов  |f А. А. Степанов 
210 |a Ленинград  |c Машиностроение  |d 1987 
215 |a 176 с.  |c ил. 
320 |a Библиогр.: с. 172-175. 
606 1 |a Металлополимеры  |2 stltpush  |3 (RuTPU)RU\TPU\subj\42563  |9 62222 
610 1 |a полимерные материалы 
610 1 |a композиционные материалы 
610 1 |a обработка резанием 
610 1 |a высокопрочные материалы 
610 1 |a поверхности 
610 1 |a качество 
610 1 |a изделия 
610 1 |a точение 
610 1 |a сверление 
610 1 |a фрезерование 
675 |a 678.5.067  |v 3 
700 1 |a Степанов  |b А. А.  |g Александр Александрович 
801 1 |a RU  |b 63413507  |c 20140425 
801 2 |a RU  |b 63413507  |c 20150529  |g RCR 
942 |c BK